Religious education in West Pakistan. (Record no. 64078)

MARC details
000 -LEADER
fixed length control field 00694cam a22002411 4500
001 - CONTROL NUMBER
control field sa 65005044
003 - CONTROL NUMBER IDENTIFIER
control field DLC
005 - DATE AND TIME OF LATEST TRANSACTION
control field 20260227112135.0
008 - FIXED-LENGTH DATA ELEMENTS--GENERAL INFORMATION
fixed length control field 900301s1964 pk b 000 0 eng
010 ## - LIBRARY OF CONGRESS CONTROL NUMBER
LC control number sa 65005044
025 ## - OVERSEAS ACQUISITION NUMBER
Overseas acquisition number PL480:P-E-694
035 ## - SYSTEM CONTROL NUMBER
System control number (OCoLC)21141939
040 ## - CATALOGING SOURCE
Original cataloging agency DLC
Transcribing agency CU
Modifying agency DLC
042 ## - AUTHENTICATION CODE
Authentication code premarc
050 00 - LIBRARY OF CONGRESS CALL NUMBER
Classification number BP44
Item number .R3
100 1# - MAIN ENTRY--PERSONAL NAME
Personal name Rauf, Abdur,
Dates associated with a name 1924-
245 10 - TITLE STATEMENT
Title Religious education in West Pakistan.
260 ## - PUBLICATION, DISTRIBUTION, ETC.
Place of publication, distribution, etc. Lahore,
Name of publisher, distributor, etc. West Pakistan Bureau of Education,
Date of publication, distribution, etc. 1964.
300 ## - PHYSICAL DESCRIPTION
Extent 62 p.
Dimensions 23 cm.
504 ## - BIBLIOGRAPHY, ETC. NOTE
Bibliography, etc. note Bibliography: p. 56-62.
650 #0 - SUBJECT ADDED ENTRY--TOPICAL TERM
Topical term or geographic name entry element Islamic religious education
Geographic subdivision Pakistan.
710 1# - ADDED ENTRY--CORPORATE NAME
Corporate name or jurisdiction name as entry element West Pakistan (Pakistan).
Subordinate unit Bureau of Education.

No items available.

Powered by Koha